[Event "V4 Liptov 2017"]
[Site "?"]
[Date "2017.06.22"]
[Round "2.18"]
[White "Zlotov, Viktor"]
[Black "Sulkowski, Dawid"]
[Result "1/2-1/2"]
[BlackElo "1466"]
[WhiteElo "1635"]
[LiveChessVersion "1.4.8"]

1. e4 {[%clk 1:00:57]} e5 {[%clk 1:00:55]} 2. Nf3 {[%clk 1:01:23]} Nc6
{[%clk 1:01:16]} 3. Bc4 {[%clk 1:01:47]} Bc5 {[%clk 1:01:34]} 4. c3
{[%clk 1:02:10]} Nf6 {[%clk 1:01:55]} 5. d3 {[%clk 1:02:33]} O-O {[%clk 1:01:47]}
6. O-O {[%clk 1:02:57]} d6 {[%clk 1:00:55]} 7. Be3 {[%clk 1:03:12]} Bb6
{[%clk 0:59:56]} 8. Nbd2 {[%clk 1:02:34]} Be6 {[%clk 0:58:07]} 9. b4
{[%clk 0:59:21]} Re8 {[%clk 0:44:23]} 10. Bb3 {[%clk 0:56:56]} Qd7
{[%clk 0:34:19]} 11. Nc4 {[%clk 0:53:12]} Bxe3 {[%clk 0:31:22]} 12. fxe3
{[%clk 0:53:31]} b5 {[%clk 0:30:31]} 13. Ncd2 {[%clk 0:52:40]} d5
{[%clk 0:28:05]} 14. Qe1 {[%clk 0:48:29]} dxe4 {[%clk 0:26:48]} 15. dxe4
{[%clk 0:48:05]} Qd3 {[%clk 0:24:57]} 16. Rd1 {[%clk 0:43:51]} Bxb3
{[%clk 0:20:49]} 17. Nxb3 {[%clk 0:42:04]} Qc4 {[%clk 0:20:52]} 18. Nfd2
{[%clk 0:38:56]} Qe6 {[%clk 0:19:18]} 19. Nc5 {[%clk 0:39:12]} Qg4
{[%clk 0:17:32]} 20. Rf3 {[%clk 0:36:34]} a5 {[%clk 0:12:30]} 21. Rg3
{[%clk 0:36:23]} Qc8 {[%clk 0:12:37]} 22. Qf2 {[%clk 0:35:45]} Qd8
{[%clk 0:11:19]} 23. Rf1 {[%clk 0:33:18]} Kh8 {[%clk 0:10:45]} 24. Nf3
{[%clk 0:27:27]} axb4 {[%clk 0:08:49]} 25. Ng5 {[%clk 0:27:30]} Qe7
{[%clk 0:08:31]} 26. Nd3 {[%clk 0:24:08]} h6 {[%clk 0:06:49]} 27. Rh3
{[%clk 0:22:51]} Kg8 {[%clk 0:03:40]} 28. Qh4 {[%clk 0:21:32]} Nh7
{[%clk 0:01:41]} 29. Nxh7 {[%clk 0:19:55]} Kxh7 {[%clk 0:01:55]} 30. Qg4
{[%clk 0:17:54]} Qe6 {[%clk 0:01:05]} 31. Qxe6 {[%clk 0:17:17]} fxe6
{[%clk 0:01:17]} 32. Nxb4 {[%clk 0:17:25]} Nxb4 {[%clk 0:01:39]} 33. cxb4
{[%clk 0:17:50]} Rxa2 {[%clk 0:01:49]} 34. Rh5 {[%clk 0:16:24]} Rb2
{[%clk 0:01:48]} 35. Rxe5 {[%clk 0:16:40]} Rxb4 {[%clk 0:02:10]} 36. Rc1
{[%clk 0:16:37]} Re7 {[%clk 0:02:15]} 37. Rcc5 {[%clk 0:14:36]} Rb2
{[%clk 0:01:10]} 38. Rxb5 {[%clk 0:12:45]} Rxb5 {[%clk 0:01:34]} 39. Rxb5
{[%clk 0:13:09]} c6 {[%clk 0:01:00]} 40. Rc5 {[%clk 0:13:20]} Rc7
{[%clk 0:01:24]} 41. Kf2 {[%clk 0:13:34]} Kg6 {[%clk 0:01:35]} 42. Ke2
{[%clk 0:13:30]} Kf6 {[%clk 0:01:52]} 43. Kd3 {[%clk 0:12:40]} e5
{[%clk 0:01:55]} 44. Ra5 {[%clk 0:12:32]} Ke6 {[%clk 0:01:28]} 1/2-1/2

[Event "V4 Liptov 2017"]
[Site "?"]
[Date "2017.06.22"]
[Round "2.19"]
[White "Niczyporuk, Jakub"]
[Black "Schmidt, Richard"]
[Result "1/2-1/2"]
[BlackElo "1363"]
[WhiteElo "1396"]
[LiveChessVersion "1.4.8"]

1. c4 {[%clk 1:01:16]} Nf6 {[%clk 1:00:36]} 2. Nc3 {[%clk 1:01:15]} e5
{[%clk 1:00:18]} 3. d3 {[%clk 1:01:35]} Bb4 {[%clk 1:00:06]} 4. Bd2
{[%clk 1:01:35]} O-O {[%clk 0:59:52]} 5. Nf3 {[%clk 1:01:27]} Nc6 6. a3
{[%clk 1:01:53]} Bxc3 {[%clk 1:00:01]} 7. Bxc3 {[%clk 1:00:00]} e4
{[%clk 0:59:39]} 8. dxe4 {[%clk 0:59:54]} Nxe4 {[%clk 0:59:17]} 9. Qc2
{[%clk 1:00:19]} Nxc3 10. Qxc3 d6 {[%clk 0:58:52]} 11. e3 {[%clk 1:00:27]} Bf5
{[%clk 0:56:53]} 12. Be2 {[%clk 1:00:23]} Bg6 {[%clk 0:56:49]} 13. O-O
{[%clk 1:00:04]} Qe7 {[%clk 0:55:50]} 14. Rfe1 {[%clk 0:59:32]} Ne5
{[%clk 0:55:39]} 15. Rac1 {[%clk 0:57:27]} Nxf3+ {[%clk 0:55:25]} 16. Bxf3
{[%clk 0:57:38]} Be4 {[%clk 0:55:38]} 17. Bxe4 {[%clk 0:57:09]} Qxe4
{[%clk 0:55:55]} 18. Qd4 {[%clk 0:57:11]} Rfe8 {[%clk 0:55:56]} 19. Qxe4
{[%clk 0:55:55]} Rxe4 {[%clk 0:56:07]} 20. f3 {[%clk 0:56:00]} Re6
{[%clk 0:56:18]} 21. e4 {[%clk 0:54:58]} f6 {[%clk 0:55:41]} 22. c5
{[%clk 0:55:00]} dxc5 {[%clk 0:55:59]} 23. Rxc5 {[%clk 0:55:11]} c6
{[%clk 0:56:20]} 24. Rd1 {[%clk 0:54:36]} Kf7 {[%clk 0:56:30]} 25. Rc4
{[%clk 0:54:10]} Rae8 {[%clk 0:55:31]} 26. Rcd4 {[%clk 0:54:19]} R6e7
{[%clk 0:55:14]} 27. Kf2 {[%clk 0:52:22]} f5 {[%clk 0:52:30]} 28. Rd7
{[%clk 0:52:41]} fxe4 {[%clk 0:52:33]} 29. fxe4 {[%clk 0:52:59]} Rxd7
{[%clk 0:50:38]} 30. Rxd7+ {[%clk 0:53:22]} Re7 {[%clk 0:50:58]} 31. Rxe7+
{[%clk 0:53:32]} Kxe7 {[%clk 0:51:13]} 32. Ke3 {[%clk 0:53:59]} Ke6
{[%clk 0:51:29]} 33. Kd4 {[%clk 0:53:59]} b6 {[%clk 0:49:55]} 34. b4
{[%clk 0:54:20]} a6 {[%clk 0:48:41]} 35. g4 {[%clk 0:52:07]} g5 {[%clk 0:48:27]}
36. h3 {[%clk 0:51:56]} h6 {[%clk 0:48:38]} 37. a4 {[%clk 0:50:07]} Kd6
{[%clk 0:48:52]} 38. a5 {[%clk 0:49:10]} c5+ {[%clk 0:46:06]} 39. bxc5+
{[%clk 0:49:25]} bxc5+ {[%clk 0:46:22]} 40. Kc4 {[%clk 0:49:52]} Ke5
{[%clk 0:46:13]} 41. Kxc5 {[%clk 0:49:56]} Kxe4 {[%clk 0:46:37]} 42. Kb6
{[%clk 0:50:24]} Kd5 {[%clk 0:46:42]} 1/2-1/2

[Event "V4 Liptov 2017"]
[Site "?"]
[Date "2017.06.22"]
[Round "2.21"]
[White "Volaninova, Sarka"]
[Black "Janecek, Miroslav"]
[Result "1/2-1/2"]
[BlackElo "1592"]
[WhiteElo "1724"]
[LiveChessVersion "1.4.8"]

1. d4 {[%clk 1:00:58]} Nf6 {[%clk 1:00:46]} 2. Nf3 {[%clk 1:01:21]} e6
{[%clk 1:01:07]} 3. c4 {[%clk 1:01:34]} Bb4+ {[%clk 1:01:21]} 4. Bd2
{[%clk 1:01:44]} Qe7 {[%clk 1:00:53]} 5. Qb3 {[%clk 1:00:42]} Bxd2+
{[%clk 1:00:59]} 6. Nbxd2 {[%clk 1:00:51]} d5 {[%clk 0:59:05]} 7. e3
{[%clk 0:59:30]} c6 {[%clk 0:58:04]} 8. Bd3 {[%clk 0:58:28]} b6 {[%clk 0:56:25]}
9. Ne5 {[%clk 0:54:49]} Bb7 {[%clk 0:55:12]} 10. O-O {[%clk 0:54:20]} Nbd7
{[%clk 0:54:45]} 11. Ndf3 {[%clk 0:53:49]} O-O {[%clk 0:54:10]} 12. Rac1
{[%clk 0:52:52]} Rfc8 {[%clk 0:50:04]} 13. Rc2 {[%clk 0:49:17]} Nxe5
{[%clk 0:49:16]} 14. Nxe5 {[%clk 0:49:25]} Nd7 {[%clk 0:49:27]} 15. f4
{[%clk 0:44:25]} f5 {[%clk 0:43:14]} 16. a4 {[%clk 0:40:29]} Nxe5
{[%clk 0:42:48]} 17. fxe5 {[%clk 0:40:09]} c5 {[%clk 0:35:51]} 18. cxd5
{[%clk 0:38:00]} Bxd5 {[%clk 0:35:44]} 19. Bc4 {[%clk 0:38:17]} Bxc4
{[%clk 0:28:53]} 20. Rxc4 {[%clk 0:35:40]} cxd4 {[%clk 0:25:57]} 21. exd4
{[%clk 0:35:23]} Qd7 {[%clk 0:25:46]} 22. Rfc1 {[%clk 0:32:48]} Rxc4
{[%clk 0:23:02]} 23. Qxc4 {[%clk 0:32:26]} Rd8 {[%clk 0:23:21]} 24. Rd1
{[%clk 0:30:55]} Rc8 {[%clk 0:22:35]} 25. Qb3 {[%clk 0:30:34]} Rd8
{[%clk 0:19:48]} 1/2-1/2

[Event "V4 Liptov 2017"]
[Site "?"]
[Date "2017.06.22"]
[Round "2.22"]
[White "Gemsova, Tereza"]
[Black "Ptacek, Jan"]
[Result "0-1"]
[BlackElo "1705"]
[WhiteElo "1435"]
[LiveChessVersion "1.4.8"]

1. e4 {[%clk 1:00:58]} c5 {[%clk 1:00:53]} 2. Nf3 {[%clk 1:01:21]} d6
{[%clk 1:01:15]} 3. d4 {[%clk 1:01:43]} cxd4 {[%clk 1:01:34]} 4. Nxd4
{[%clk 1:02:03]} Nf6 {[%clk 1:01:58]} 5. Nc3 {[%clk 1:02:18]} a6 {[%clk 1:02:22]}
6. Be3 {[%clk 1:02:19]} e6 {[%clk 1:00:09]} 7. Bd3 {[%clk 1:01:26]} Be7
{[%clk 0:59:35]} 8. O-O {[%clk 1:00:45]} b5 {[%clk 0:59:15]} 9. a3
{[%clk 1:00:45]} Bb7 {[%clk 0:59:26]} 10. Nce2 {[%clk 1:00:49]} O-O
{[%clk 0:55:45]} 11. Ng3 {[%clk 0:59:05]} Nbd7 {[%clk 0:55:52]} 12. f3
{[%clk 0:51:16]} Qc7 {[%clk 0:51:15]} 13. Rc1 {[%clk 0:48:18]} d5
{[%clk 0:43:20]} 14. exd5 {[%clk 0:44:37]} Nxd5 {[%clk 0:43:32]} 15. Qe2
{[%clk 0:43:10]} Nxe3 {[%clk 0:42:36]} 16. Qxe3 {[%clk 0:43:31]} e5
{[%clk 0:42:05]} 17. b4 {[%clk 0:43:12]} exd4 {[%clk 0:38:33]} 18. Qxe7
{[%clk 0:42:53]} g6 {[%clk 0:37:35]} 19. Qh4 {[%clk 0:38:51]} Qd6
{[%clk 0:34:22]} 20. Be4 {[%clk 0:31:28]} Bxe4 {[%clk 0:27:59]} 21. Nxe4
{[%clk 0:31:43]} Qb6 {[%clk 0:27:56]} 22. Kh1 {[%clk 0:31:27]} Kg7
{[%clk 0:27:35]} 23. Rfd1 {[%clk 0:28:09]} Ne5 {[%clk 0:26:08]} 24. Nc5
{[%clk 0:27:41]} Qc6 {[%clk 0:23:41]} 25. Qxd4 {[%clk 0:22:52]} f6
{[%clk 0:21:27]} 26. f4 {[%clk 0:19:56]} Nc4 {[%clk 0:20:48]} 27. Rd3
{[%clk 0:13:20]} Rad8 {[%clk 0:18:31]} 28. Qc3 {[%clk 0:12:56]} Rfe8
{[%clk 0:14:50]} 29. Rg1 {[%clk 0:09:27]} Kf7 {[%clk 0:10:41]} 30. h3
{[%clk 0:08:24]} Qc7 {[%clk 0:09:16]} 31. Rf1 {[%clk 0:07:49]} Qc6
{[%clk 0:09:12]} 32. Qb3 {[%clk 0:06:25]} Kg7 {[%clk 0:08:05]} 33. Qc3
{[%clk 0:06:27]} Rxd3 {[%clk 0:06:05]} 34. cxd3 {[%clk 0:05:20]} Ne3
{[%clk 0:05:10]} 35. Rg1 {[%clk 0:05:26]} Nd5 {[%clk 0:05:30]} 36. Qd2
{[%clk 0:05:28]} Qd6 {[%clk 0:04:53]} 37. Rf1 {[%clk 0:04:53]} Re3
{[%clk 0:04:49]} 38. Ne4 {[%clk 0:03:47]} Qc7 {[%clk 0:03:38]} 39. f5
{[%clk 0:03:04]} Qc8 {[%clk 0:02:27]} 40. fxg6 {[%clk 0:03:14]} hxg6
{[%clk 0:01:19]} 41. Kh2 {[%clk 0:02:15]} f5 {[%clk 0:01:33]} 42. Nc5
{[%clk 0:02:03]} Qc7+ {[%clk 0:01:54]} 43. Kh1 {[%clk 0:02:04]} Qe5
{[%clk 0:01:53]} 44. Qc2 {[%clk 0:01:18]} Re2 {[%clk 0:01:57]} 45. Qc1
{[%clk 0:01:12]} Ne3 {[%clk 0:01:59]} 46. Rg1 {[%clk 0:01:03]} Qd5
{[%clk 0:01:54]} 47. Qc3+ {[%clk 0:01:09]} Kh7 {[%clk 0:02:01]} 48. Ne4
{[%clk 0:01:26]} fxe4 {[%clk 0:01:35]} 49. Qc7+ {[%clk 0:01:37]} Kh8
{[%clk 0:01:53]} 50. Qc3+ {[%clk 0:01:04]} Kg8 {[%clk 0:01:06]} 51. Qc8+
{[%clk 0:01:18]} Kh7 {[%clk 0:00:51]} 52. Qc7+ {[%clk 0:01:28]} Kh6
{[%clk 0:01:05]} 53. Qf4+ {[%clk 0:01:45]} Kg7 {[%clk 0:01:22]} 54. dxe4
{[%clk 0:01:38]} Qf7 {[%clk 0:01:08]} 55. Qe5+ {[%clk 0:01:42]} Kh7
{[%clk 0:01:33]} 56. Rc1 {[%clk 0:01:06]} Nc4 {[%clk 0:01:34]} 57. Qd4
{[%clk 0:00:55]} Qe7 {[%clk 0:01:29]} 58. Qd3 {[%clk 0:00:37]} Qxe4
{[%clk 0:01:41]} 0-1

[Event "V4 Liptov 2017"]
[Site "?"]
[Date "2017.06.22"]
[Round "2.23"]
[White "Cipl, Jan"]
[Black "Vavrinkova, Anna"]
[Result "0-1"]
[BlackElo "1485"]
[WhiteElo "1310"]
[LiveChessVersion "1.4.8"]

1. e4 {[%clk 1:00:52]} e5 {[%clk 1:01:23]} 2. Nf3 {[%clk 1:00:55]} Nf6
{[%clk 1:00:39]} 3. Nxe5 {[%clk 1:00:13]} d6 {[%clk 0:59:10]} 4. Nf3
{[%clk 0:59:48]} Nxe4 {[%clk 0:56:34]} 5. d4 {[%clk 0:59:41]} d5 {[%clk 0:53:52]}
6. Bd3 {[%clk 0:59:16]} Bd6 {[%clk 0:51:37]} 7. Nbd2 {[%clk 0:56:30]} Nxd2
{[%clk 0:47:54]} 8. Bxd2 {[%clk 0:56:31]} O-O {[%clk 0:43:59]} 9. O-O
{[%clk 0:56:02]} Be6 {[%clk 0:42:24]} 10. c3 {[%clk 0:55:36]} Nd7
{[%clk 0:41:05]} 11. Qc2 {[%clk 0:54:57]} h6 {[%clk 0:38:40]} 12. Rae1
{[%clk 0:54:03]} Nf6 {[%clk 0:37:13]} 13. Qc1 {[%clk 0:51:40]} Re8
{[%clk 0:30:41]} 14. Ne5 {[%clk 0:49:57]} Bf8 {[%clk 0:25:21]} 15. Re3
{[%clk 0:48:22]} c6 {[%clk 0:20:51]} 16. Rg3 {[%clk 0:46:38]} Kh8
{[%clk 0:21:03]} 17. Bf5 {[%clk 0:45:06]} Qe7 {[%clk 0:20:23]} 18. Re1
{[%clk 0:43:20]} Bxf5 {[%clk 0:18:20]} 19. Ng6+ {[%clk 0:42:58]} Bxg6
{[%clk 0:18:41]} 20. Rxe7 {[%clk 0:43:19]} Bxe7 {[%clk 0:18:52]} 21. Re3
{[%clk 0:42:43]} Ne4 {[%clk 0:17:53]} 22. f3 {[%clk 0:42:55]} Nxd2
{[%clk 0:17:21]} 23. Qxd2 {[%clk 0:43:16]} Bg5 {[%clk 0:17:42]} 24. Rxe8+
{[%clk 0:43:37]} Rxe8 {[%clk 0:18:08]} 25. Qd1 {[%clk 0:43:20]} Be3+
{[%clk 0:17:30]} 26. Kf1 {[%clk 0:42:19]} Bg5 {[%clk 0:16:44]} 27. h3
{[%clk 0:39:54]} Bh4 {[%clk 0:16:47]} 28. g3 {[%clk 0:38:43]} Bxg3
{[%clk 0:16:59]} 29. Kg2 {[%clk 0:37:58]} Bh4 {[%clk 0:17:04]} 30. b3
{[%clk 0:33:56]} Re3 {[%clk 0:16:12]} 31. Qd2 {[%clk 0:32:43]} Rd3
{[%clk 0:16:13]} 32. Qf4 {[%clk 0:29:59]} Be1 {[%clk 0:12:06]} 33. h4
{[%clk 0:26:32]} Bxc3 {[%clk 0:10:24]} 34. Qg4 {[%clk 0:24:32]} h5
{[%clk 0:07:59]} 35. Qc8+ {[%clk 0:22:42]} Kh7 {[%clk 0:08:23]} 36. Qxb7
{[%clk 0:22:55]} Rd2+ {[%clk 0:08:45]} 37. Kg3 {[%clk 0:22:45]} Bxd4
{[%clk 0:08:17]} 38. Qxc6 {[%clk 0:22:34]} Bf2+ {[%clk 0:07:04]} 39. Kf4
{[%clk 0:20:51]} d4 {[%clk 0:06:41]} 40. Qc1 {[%clk 0:18:14]} Be3+
{[%clk 0:06:34]} 41. Ke5 {[%clk 0:18:17]} Rc2 {[%clk 0:06:33]} 42. Qe1
{[%clk 0:17:09]} d3 {[%clk 0:05:52]} 43. Qxe3 {[%clk 0:12:59]} Re2
{[%clk 0:06:03]} 44. Kd4 {[%clk 0:13:19]} Rxe3 {[%clk 0:06:28]} 45. Kxe3
{[%clk 0:13:36]} Kg8 {[%clk 0:06:55]} 46. a4 {[%clk 0:13:53]} Kf8
{[%clk 0:07:10]} 47. b4 {[%clk 0:13:36]} Ke7 {[%clk 0:07:05]} 48. a5
{[%clk 0:13:41]} Kd6 {[%clk 0:07:29]} 49. b5 {[%clk 0:12:55]} Kc7
{[%clk 0:07:51]} 0-1